书目信息 |
| 题名: |
地球的灾难
|
|
| 作者: | 埃里克森 著 ;李继磊 , 杨林玉 , 袁瑞玚 译 | |
| 分册: | ||
| 出版信息: | 北京 首都师范大学出版社 2010.07 |
|
| 页数: | 12,284页 | |
| 开本: | 24cm | |
| 丛书名: | 科普经典译丛 | |
| 单 册: | ||
| 中图分类: | P694-49 | |
| 科图分类: | ||
| 主题词: | 地质--自然灾害--普及读物 , 地质 , 自然灾害 | |
| 电子资源: | ||
| ISBN: | 978-7-5656-0051-7 | |
| 000 | 01230oam2 2200337 450 | |
| 001 | 010040007852 | |
| 005 | 20130701093821.01 | |
| 010 | @a978-7-5656-0051-7@dCNY43.00 | |
| 100 | @a20100831d2010 em y0chiy0110 ea | |
| 101 | 1 | @achi@ceng |
| 102 | @aCN@b110000 | |
| 105 | @aab z 000yy | |
| 106 | @ar | |
| 200 | 1 | @a地球的灾难@9di qiu de zai nan@e地震、火山及其他地质灾害@f(美)乔恩·埃里克森著@g李继磊,杨林玉,袁瑞玚译 |
| 205 | @a修订版 | |
| 210 | @a北京@c首都师范大学出版社@d2010.07 | |
| 215 | @a12,284页@c图,地图@d24cm | |
| 225 | 2 | @a科普经典译丛@i活力地球 |
| 330 | @a本书主要内容包括:动态的地球 板块构造活动、地震 地面的震动、火山爆发 地球内部物质的流出、地球运动 边坡物质的破坏、灾害性塌陷 地面沉降、洪水 河水的泛滥、沙尘暴 移动的沙子等。 | |
| 462 | 0 | @12001 @a活力地球 |
| 517 | 1 | @a地震、火山及其他地质灾害@9di zhen、 huo shan ji qi ta di zhi zai hai |
| 606 | 0 | @a地质@x自然灾害@j普及读物 |
| 606 | 0 | @a地质 |
| 606 | 0 | @a自然灾害 |
| 690 | @aP694-49@v4 | |
| 701 | 1 | @c(美)@a埃里克森@9ai li ke sen@b乔恩@4著 |
| 702 | 0 | @a李继磊@9li ji lei@4译 |
| 702 | 0 | @a杨林玉@9yang lin yu@4译 |
| 702 | 0 | @a袁瑞玚@9yuan rui chang@4译 |
| 801 | 0 | @aCN@bRENTIAN@c20100831 |
| 905 | @b544659-63@dP694-49@e48=2@f5 | |
| 地球的灾难:地震、火山及其他地质灾害/(美)乔恩·埃里克森著/李继磊,杨林玉,袁瑞玚译.-修订版.-北京:首都师范大学出版社,2010.07 |
| 12,284页:图,地图;24cm.-(科普经典译丛.活力地球) |
| ISBN 978-7-5656-0051-7:CNY43.00 |
| 本书主要内容包括:动态的地球 板块构造活动、地震 地面的震动、火山爆发 地球内部物质的流出、地球运动 边坡物质的破坏、灾害性塌陷 地面沉降、洪水 河水的泛滥、沙尘暴 移动的沙子等。 |
| ● |
| 相关链接 |
|
|
|
|
正题名:地球的灾难
索取号:P694-49/48=2
 
预约/预借
| 序号 | 登录号 | 条形码 | 馆藏地/架位号 | 状态 | 备注 |
| 1 | 544659 | 205446597 | 第二样本阅览室/ [索取号:P694-49/48=2] | 在馆 | |
| 2 | 544660 | 205446604 | 密集书库-资源管理系/ [索取号:P694-49/48=2] | 在馆 | |
| 3 | 544661 | 205446613 | 第三借阅区/ [索取号:P694-49/48=2] | 在馆 | |
| 4 | 544662 | 205446622 | 第三借阅区/ [索取号:P694-49/48=2] | 在馆 | |
| 5 | 544663 | 205446631 | 第三借阅区/ [索取号:P694-49/48=2] | 在馆 |